| 000 | 01125nam a22003497a 4500 | ||
|---|---|---|---|
| 003 | CHAP | ||
| 005 | 20220817041014.0 | ||
| 008 | 971013s1987 r 00010 d | ||
| 010 | _a4414 | ||
| 011 | _a5386 | ||
| 035 | _a4593 | ||
| 040 | _cCHAP | ||
| 082 |
_a634.975 _bW3 |
||
| 100 | 0 | 0 |
_aWalstad, John D. _9120966 |
| 245 | _aForest vegetation management for conifer production | ||
| 260 |
_aNew York : _bWiley, _c1987 |
||
| 300 |
_a523 p. _b: ilus |
||
| 500 | _a53-257 | ||
| 590 |
_aBATCH-UPD _b10 _c20130110 _lUCH01 _h1800 |
||
| 590 |
_aBATCH-UPD _b10 _c20130410 _lUCH01 _h1136 |
||
| 590 |
_aBATCH-UPD _b10 _c20130914 _lUCH01 _h1034 |
||
| 590 |
_aCONVERSION _b10 _c20130109 _lUCH01 _h1304 |
||
| 650 | 1 | 4 |
_aÁrboles _xMalas hierbas _xControl. _96620 |
| 650 | 1 | 4 | _aConíferas. |
| 650 | 1 | 4 |
_aPináceas _xCanadá. _988219 |
| 650 | 1 | 4 |
_aPináceas _xE.U.A. _988227 |
| 700 | 0 |
_aJuch, Peter J. _962261 |
|
| 901 | _aBK | ||
| 942 | _cLIBRO | ||
| 949 |
_a634.975 W3 _bBC _cLIBRO _d33724000255501 _eLIBRO _gI. 158523 _h79725 _i4593 _si _t164.25 |
||
| 949 |
_a634.975 W3 _bBC _cLIBRO _d33724000255519 _eLIBRO _fc.2 _gI. 168142 _h83869 _i4593 _si _t164.25 |
||
| 999 |
_c4414 _d4414 |
||